|
|
|
|
| LEADER |
01024nam a22002532a 4500 |
| 001 |
001112520 |
| 003 |
CZ BrMZK |
| 005 |
20110311120718.0 |
| 007 |
ta |
| 008 |
100827s1982 xr f er|||||||||||cze d |
| 035 |
|
|
|a (OCoLC)85569079
|
| 040 |
|
|
|a BOA001
|b cze
|
| 100 |
1 |
|
|a Kondr, Jan
|7 jx20050722019
|4 aut
|
| 245 |
1 |
0 |
|a Příručka mikropočítačové techniky.
|n Díl 2.,
|p Aplikace mikropočítačové techniky v oboru obráběcích a tvářecích strojů /
|c Jan Kondr, Alexandr Kaprálek, František Koblasa
|
| 246 |
3 |
0 |
|a Aplikace mikropočítačové techniky v oboru obráběcích a tvářecích strojů
|
| 250 |
|
|
|a 2., reedič. vyd.
|
| 260 |
|
|
|a Brno :
|b Dům techniky Československé vědeckotechnické společnosti,
|c 1982
|
| 300 |
|
|
|a 181 s., příl.
|
| 700 |
1 |
|
|a Kaprálek, Alexander
|7 jx20050908042
|4 aut
|
| 700 |
1 |
|
|a Koblasa, František
|4 aut
|
| 910 |
|
|
|a BOA001
|b 2-0851.520,2
|
| 990 |
|
|
|a BK
|
| 991 |
|
|
|b 201008
|
| 996 |
6 |
|
|b 2619363108
|c 2-0851.520,2
|l MZK
|r Sklad / do 1 hodiny
|n 0
|w 001140056
|u 000010
|a 1
|e BOA001
|j MZK50
|s P
|